La Reforma comptable 2015 : novetats i claus per a la seva aplicació a l'Administració local / novetats i claus per a la seva aplicació a l'Administració local /
Descripción Física:
1 carpeta : il·lustracions ; 32 cm
Materias:
Finances públiques -- Comptabilitat
; Finances públiques -- Dret i legislació
; Finances públiques -- Comptabilitat -- Manuals, guies, etc.
Idioma:
Catalán
MARC
| LEADER | 00000nam a2200000 a 4500 | ||
|---|---|---|---|
| 001 | 26258 | ||
| 008 | 220714b spa||||| |||| 00| 0 cat d | ||
| 040 | |a BGR |b cat | ||
| 080 | |a Bib-805 | ||
| 100 | |a Raurich Montasell, Teresa M. |9 19087 |e director | ||
| 245 | 0 | 3 | |a La Reforma comptable 2015 : |b novetats i claus per a la seva aplicació a l'Administració local / |h direcció: Teresa M. Raurich Montasell, Antoni Farré Piña |
| 260 | |a Barcelona : |b Diputació de Barcelona, |c 2015 | ||
| 300 | |a 1 carpeta : |b il·lustracions ; |c 32 cm | ||
| 650 | 1 | 0 | |a Finances públiques |x Comptabilitat |9 45295 |
| 650 | 1 | 0 | |a Finances públiques |x Dret i legislació |9 23416 |
| 650 | 1 | 0 | |a Finances públiques |x Comptabilitat |x Manuals, guies, etc. |9 28624 |2 Arxiu |
| 700 | |a Farré Piña, Antoni |9 19086 |e director | ||
| 942 | |c ARXIU |2 udc |n 1 | ||
| 952 | |0 0 |1 0 |4 0 |6 BIB805 |7 1 |9 62790 |a Arxiu |b Arxiu |d 2022-07-14 |l 0 |o Bib-805 |p 26258 |r 2022-07-14 00:00:00 |w 2022-07-14 |y ARXIU | ||
| 999 | |c 82281 |d 82281 | ||